000 00632nam a2200193Ia 4500
003 GCL
008 140319s9999 xx 000 0 ara d
040 _aGCL /
_cGCL
082 0 4 _a813.01
_bم ا
100 1 _aمحمد جلال
245 1 0 _aالاعمال الكاملة: محمد جلال /
_cمحمد جلال
260 _a[S.N] :
_bالهيئة المصرية العامة للكتاب ،
_c1987
490 _aالاعمال الكاملة
_v0
650 0 4 _aالادب العربى
650 0 4 _aالقصص العربية
650 0 4 _aالقصص العربية القصيرة
650 0 4 _aالقصص
942 _2ddc
_cBK
999 _c29077
_d29077